Compendio di patologia medica e terapia. (Record no. 38420)

MARC details
000 -LEADER
fixed length control field 00594cam a22002171 4500
001 - CONTROL NUMBER
control field med47001814
003 - CONTROL NUMBER IDENTIFIER
control field DLC
005 - DATE AND TIME OF LATEST TRANSACTION
control field 20260227111603.0
008 - FIXED-LENGTH DATA ELEMENTS--GENERAL INFORMATION
fixed length control field 810815m19461946xx a 000 0 ita
010 ## - LIBRARY OF CONGRESS CONTROL NUMBER
LC control number med47001814
035 ## - SYSTEM CONTROL NUMBER
System control number (OCoLC)14729054
040 ## - CATALOGING SOURCE
Original cataloging agency DLC
Transcribing agency DNLM
Modifying agency DLC
042 ## - AUTHENTICATION CODE
Authentication code premarc
050 00 - LIBRARY OF CONGRESS CALL NUMBER
Classification number RB111
Item number .F4 1946
060 0# - NATIONAL LIBRARY OF MEDICINE CALL NUMBER
Classification number WB 100
Item number F393c 1946
100 1# - MAIN ENTRY--PERSONAL NAME
Personal name Ferrio, Luigi.
245 10 - TITLE STATEMENT
Title Compendio di patologia medica e terapia.
250 ## - EDITION STATEMENT
Edition statement 4. ed., riveduta e ampliata ...
260 ## - PUBLICATION, DISTRIBUTION, ETC.
Place of publication, distribution, etc. Torino,
Name of publisher, distributor, etc. Unione tipografico-editrice torinese,
Date of publication, distribution, etc. 1946.
300 ## - PHYSICAL DESCRIPTION
Extent 2 v.
Other physical details ill.

No items available.

Powered by Koha